Responses for show #7403 - Wednesday, November 16, 2016

2016 Teen Tournament semifinal game 1.
From DAR Constitution Hall in Washington, D.C.

Contestants

Lily Allingham, a sophomore from Wilmington, Delaware

Lucia Geng, a junior from Great Neck, New York

Sharath Narayan, a sophomore from Madison, Alabama

Jeopardy! Round responses

LET'S GO TO TOGO
SCI-FI NOVELS
CEREMONIES
WHO FIRST SANG THOSE WORDS?
"SHUT" UP
DANCE WITH ME
    $200 16
Africa

Lucia
    $200 8
(Lucia: What is Detroit?)

Chicago

LuciaLily
    $200 11
a wedding ceremony

Lily
    $200 23
Justin Bieber

Lily
    $200 2
shut-eye

Lucia
    $200 6
tap dance

Lucia
    $400 17
the franc

Sharath
    $400 9
(Lucia: What is "Cinderella"?)

"Little Red Riding Hood"

SharathLucia
    $400 12
a christening

Triple Stumper
    $400 24
Taylor Swift

Lily
    $400 1
a shut-out

Lily
    $400 7
(Lily: What is hulu?)

hula

SharathLily
    $600 18
soccer

Lily
    $1,400 10
A Wrinkle in Time

Sharath
    $600 13
commencement

Sharath
    $600 25
Selena Gomez

Sharath
    $600 3
a shuttle

Sharath
    $600 28
honeybees

Lucia
    $800 19
(Alex: Yes, the Anopheles [*].)

a mosquito

Lucia
    $800 14
Brave New World

Sharath
    $800 21
the first pitch

Lily
    $800 26
Ed Sheeran

Lily
    $800 4
Shutterfly

Lily
    $800 29
Impressionism

Lucia
    $1000 20
Ramadan

Sharath
    $1000 15
The 5th Wave

Lucia
    $1000 22
a wreath

Triple Stumper
    $1000 27
Rachel Platten

Sharath
    $1000 5
a shut-in

Lily
    $1000 30
Brazil

Lily

Scores at the first commercial break (after clue 15):

Sharath Lucia Lily
$4,200 $800 $2,200

Scores at the end of the Jeopardy! Round:

Sharath Lucia Lily
$7,200 $3,200 $6,000

Double Jeopardy! Round responses

SCREEN TEST
STATE CAPITALS AKA
IT'S A CRIME!
ALPHABETIC HOMOPHONES
THE QUEEN
ENDANGERED ANIMALS AT THE SMITHSONIAN'S NATIONAL ZOO
(Kelly: Whether or not they're as cute as pandas, they all have an important place in nature.)
    $400 11
Vulcan

Sharath
    $400 2
Phoenix

Sharath
    $400 14
perjury

Sharath
    $400 4
a tee

Sharath
    $400 25
Elizabeth I

Sharath
    $400 27
bamboo

Lucia
    $800 9
(Lily: What is Brooklyn?)
(Sharath: What is Moscow?)

Berlin

SharathLily
Triple Stumper
    $800 1
St. Paul

Lily
    $800 15
tax evasion

Lily
    $800 5
a jay

Lily
    $800 24
Isabella of Castile

Lucia
    $800 26
New Zealand

Lucia
    $1200 10
Steve Jobs

Lily
    $1200 3
Montgomery

Triple Stumper
    $1200 16
identity theft

Sharath
    $1200 6
elle

Lucia
    $1200 21
Marie Antoinette

Lucia
    $1200 28
(Sharath: What is a hydra?)

the unicorn

SharathLucia
    $1600 13
Sandra Bullock

Lucia
    $6,000 12
Olympia

Sharath
    $1600 17
(Sharath: What is discrimination?)

a hate crime

Sharath
Triple Stumper
    $1600 7
a bee

Lily
    $5,000 22
the Queen of Sheba

Lucia
    $1600 29
poaching

Lucia
    $2000 19
Ridley Scott

Lily
    $2000 18
(Lily: What is Sioux Falls?)

Cheyenne

Lily
Triple Stumper
    $2000 20
(Lily: What is hijacking?)

carjacking

LuciaLily
    $2000 8
sea

Sharath
    $2000 23
the Hanseatic League

Lucia
    $2000 30
Indonesia

Sharath

Scores at the end of the Double Jeopardy! Round:

Sharath Lucia Lily
$16,800 $21,000 $8,400

[wagering suggestions for these scores]

Final Jeopardy! Round responses

FICTIONAL CHARACTERS' LAST WORDS
(Alex: The novel is Lord of the Flies.)
LilyWho is Piggy?
$8,400
SharathWho is Piggy?
$4,201
LuciaWho is Simon?
$12,601
Piggy

Final scores:

Sharath Lucia Lily
$21,001 $8,399 $16,800
Finalist 3rd place: $10,000 2nd place: $10,000

Game dynamics:

Coryat scores:

Sharath Lucia Lily
$11,600 $17,600 $8,400
19 R
(including 2 DDs),
3 W
18 R
(including 1 DD),
2 W
17 R,
4 W

Combined Coryat: $37,600

The J! Archive is created by fans, for fans. The Jeopardy! game show and all elements thereof, including but not limited to copyright and trademark thereto, are the property of Jeopardy Productions, Inc. and are protected under law. This website is not affiliated with, sponsored by, or operated by Jeopardy Productions, Inc. Join the discussion at JBoard.tv.